01498cam a2200289 i 4500001001500000003000900015005001700024008004100041020001800082040002800100041000800128050002400136100002700160245012700187246003100314250001200345260004600357300003400403490003100437504005100468505052800519526000801047650003001055650005901085700002901144700003501173BD-DhNSU-30889BD-DhNSU20251116112305.0251116s2022 mnua g b 001 0 eng d a9781647085339 aDLCcBD-DhNSUdBD-DhNSU aeng00aKZ1242.5b.O26 20221 aO'Connell, Mary Ellen,14aThe international legal system :bcases and materials /cby Mary Ellen O'Connell, Richard F. Scott and Naomi Roht-Arriaza.30aInternational legal system a8th ed. aSt. Paul, MN :bFoundation Press,cc2022. axi, 1224 p. :bill. ;c26 cm.0 aUniversity casebook series aIncludes bibliographical references and index.0 aIntroduction to the international legal system -- The sources and evidence of international law -- Subjects of international law -- Jurisdiction and immunities -- Human rights -- Earth law : protection of the environment -- Earth law : the law of common spaces -- International economic and developement law -- International legal process : responsibility and dispute resolution -- International law and the use of force -- International law in national and regional systems -- Theories for the future of international law. aLaw 0aInternational lawvCases. 0aInternational and municipal lawzUnited StatesvCases.1 aScott, Richard,eauthor.1 aRoht-Arriaza, Naomi.,eauthor.